| 000 | 00628cam a2200193 a 4500 | ||
|---|---|---|---|
| 001 | 000005119 | ||
| 005 | 20200929151602.0 | ||
| 008 | 031031s2003 gt 001 p spa | ||
| 040 |
_aDO-SdBNP _cDLC |
||
| 082 |
_ann. _bO96p |
||
| 100 | 1 |
_aOvalle López, Werner, _d1928-1970 _914669 |
|
| 245 | 1 | 0 |
_aPoemas con raíz de relámpagos : _bpoesía junta / _cWerner Ovalle López. |
| 260 |
_aGuatemala : _bCultura, _c2003. |
||
| 300 |
_a176 p. ; _c22 cm. |
||
| 440 | 0 |
_aPoesía guatemalteca ; _vno. 34. _914670 |
|
| 650 | 4 |
_aPoesía guatemalteca _914068 |
|
| 650 | 4 |
_aLiteratura guatemalteca _95393 |
|
| 910 | _aCatalogación por copia / LC | ||
| 999 |
_c4922 _d4922 |
||